000 00811nab a22002417a 4500
001 22100
003 HDC
007 cr bn ---aaaaa
008 210128c20141017my ||||| |||| 00| 0 may d
040 _aHDC
100 _aRosalinda Md Said
_eauthor
_914350
245 0 _aT'Shoppe Durian Burung contoh perniagaan runcit paling berjaya di Terengganu /
_cRosalinda Md Said
336 _atext
_2rdacontent
337 _acomputer
_2rdamedia
338 _aonline resource
_2rdacarrier
650 _aSmall business
_9208
650 _aSuccess
_919271
710 _aUtusan Malaysia
856 _zRequest full-text at [email protected]
942 _2lcc
942 _cNEWS
942 _kNWSC 006477
999 _c19416
_d19416